000 00618nam a2200265Ia 4500
005 20260306164319.0
008 008 260114s9999 xx 000 0 eng d
020 _a9780262336017
037 _aEBOOK
040 _aCRL
040 _beng
040 _cCRL
041 _2eng
041 _aeng
084 _qCRL
100 _aCalvo
_91126342
245 0 _aMacroeconomics In Times Of Liquidity Crises
260 _bThe MIT Press
260 _c2017
650 _aEconomics & Finance
856 _uhttps://academic.oup.com/book/14321
942 _cEBOOK
999 _c1713616
_d1713616